000 00650cam a2200229 4500500
005 20260405001646.0
041 _afre
042 _adc
100 1 0 _aPortevin, Catherine
_eauthor
245 0 0 _aLe Bien dans les choses
260 _c2013.
500 _a92
690 _aEmanuele Coccia
690 _aFétichisme
690 _aMonde
690 _aMorale
690 _aObjets
690 _aPublicité
690 _aVictorine de Oliveira
786 0 _nPhilosophie magazine | 75 | 12 | 2013-12-01 | p. 77-77 | 1951-1787
856 4 1 _uhttps://shs.cairn.info/magazine-philosophie-magazine-2013-12-page-77?lang=fr&redirect-ssocas=7080
999 _c2049789
_d2049789